Countries by Minority Languages - Statistics

General Stats
  • This quiz has been taken 112 times
  • The average score is 16 of 20
Answer Stats
Hint Answer % Correct
Catalan Spain
99%
Javanese Indonesia
98%
Welsh UK
98%
Wu China
97%
Sardinian Italy
96%
Inuktitut Canada
94%
Māori New Zealand
94%
Swahili Tanzania, Kenya, DRC
94%
Navajo USA
94%
Xhosa South Africa
92%
Berber Morocco, Tunisia, Algeria, Libya
90%
Chechen Russia
89%
Walloon Belgium
85%
Frisian Netherlands
84%
Sorbian Germany
80%
Odia India
80%
Balochi Pakistan or Iran
73%
Mirandese Portugal
55%
Karakalpak Uzbekistan
30%
Taa Namibia
16%
No matching quizzes found
Score Distribution
Percent of People with Each Score
Percentile by Number Answered
Your Score History
You have not taken this quiz